Karma and rebirth in classical Indian traditions (Record no. 22733)
[ view plain ]
| 000 -LEADER | |
|---|---|
| fixed length control field | 00613cam a2200193 a 4500 |
| 020 ## - INTERNATIONAL STANDARD BOOK NUMBER | |
| ISBN | 0520039238 : |
| 082 00 - DEWEY DECIMAL CLASSIFICATION NUMBER | |
| Classification number | 294 |
| Author Cutter | DON |
| 100 ## - MAIN ENTRY--AUTHOR NAME | |
| Author name | Doniger Wendy |
| 245 00 - TITLE STATEMENT | |
| Title | Karma and rebirth in classical Indian traditions |
| 260 ## - PUBLICATION, DISTRIBUTION, ETC. (IMPRINT) | |
| Place of publication | Berkeley : |
| Name of publisher | University of California Press, |
| Year of publication | c1980. |
| 300 ## - PHYSICAL DESCRIPTION | |
| Number of Pages | xxv, 342 p. ; |
| 500 ## - GENERAL NOTE | |
| General note | Papers from two conferences, the first held near Seattle, Wash., Oct. 22-23, 1976, and the second in Pasadena, Calif., Jan. 26-29, 1978. |
| 500 ## - GENERAL NOTE | |
| General note | Includes index. |
| 650 #0 - SUBJECT ADDED ENTRY--TOPICAL TERM | |
| Topical Term | Karma. |
| 650 #0 - SUBJECT ADDED ENTRY--TOPICAL TERM | |
| Topical Term | Reincarnation. |
| 942 ## - ADDED ENTRY ELEMENTS (KOHA) | |
| Koha item type | Books |
| 700 1# - | |
| -- | Doniger, Wendy. |
| Home library | Current library | Shelving location | Date acquired | Full call number | Accession Number | Koha item type |
|---|---|---|---|---|---|---|
| Henry Martyn Institute Library | Henry Martyn Institute Library | General stacks | 10/09/2019 | 294 DON | 25613 | Books |
